00817nam a2200217Ii 45000010005000000030009000050080041000140400033000550410008000880820017000961000019001132450111001322640060002433000012003033360026003153370028003413380027003699400050003969990017004469520136004635101CO-ViMGA241108s9999||||xx |||||||||||||| ||und|| aCO-ViMGAbspaerdacCO-ViMGA0 aunk04a745.592 C1721 aCamina,95319910aJuguetes para hacer en la casa /cJosefina Borajas de Florez y Diana Ramírez y Diana Ramírez Gutierrez 1a[Lugar de publicación no identificado] : Camina, 1985 avolumen atextbtxt2rdacontent aunmediatedbn2rdamedia avolumebnc2rdacarrier aidficha_siabuc: 4972. -- ficha_no_siabuc:5101 c49745d49745 001040708001aMEVIGERRbMEVIGERRcGENd2006-11-27o745.592 C172pECA4151r2024-11-26 10:01:19tEj.1w2024-11-26yBKz4972 | 7118